000 00412nam a2200169 a 4500
001 3889
005 20140414131902.0
008 050924s19uu xx 00 eng d
020 _a0-448-08942-4
050 _aFIC
_bD54 #42
100 _aFranklin W. Dixon
245 4 _aThe Viking symbol mystery.
260 _aNew York :
_bGrosset & Dunlap.
300 _ap. ; cm.
440 _aHardy boys
999 _c110731
_d110731